00727nam a2200229Ia 4500003000400000005001700004008004000021040000700061041000800068082001200076100002200088245009800110260005500208440001700263650001700280690002600297700002400323906001100347942001200358999001900370952010800389OSt20230119110846.0210210b1817 xxu||||| |||| 00| 0 eng d cAL aeng a954/500 aMark Wilks969375 aHistorical Sketches of the South of India in an attempt to trace the History of Mysoor Vol II aLondonbLongman, Brown, Green, and Longmans.c1817 aVol 2969353 aMysur969354 aIndian History969355 aWILKS (Mark)969357 a026258 2ddccBK c153315d153315 00102ddc40728HISaALbALd2021-02-17g0.00l0o954/500p026258r2021-02-17 00:00:00w2021-02-17yBK